Responses for Show #3945 - Friday, October 26, 2001

2001 Tournament of Champions quarterfinal game 5.

Contestants

[<< previous game]

Kevin Keach, an operations manager from St. Ann, Missouri

Lan Djang, a business analyst from Toronto, Canada

Tad Carithers, an attorney from Atlanta, Georgia

[next game >>]

Jeopardy! Round responses

THROWING THE BOOK AT YOU
(Alex: We'll throw a quote at you; you identify the book.)
THE PRODUCE DEPT.
SOFTWARE THAT BYTES
BELOVED SINGERS
BALTIMORE
"BEL"LISSIMO!
    $100 1
The Brothers Karamazov

Kevin
    $100 14
melons

Kevin
    $100 10
Romeo & Juliet

Lan
    $100 17
(Tad: Who is Della Burke?)

Della Reese

TadKevin
    $100 6
George Washington

Tad
    $100 21
belfry

Kevin
    $200 2
On the Road

Tad
    $200 15
squash

Kevin
    $200 11
Anna Kournikova

Lan
    $200 23
Michael Stipe

Lan
    $200 7
Fort McHenry

Tad
    $200 22
(Alex: You couldn't pay me enough to do that!)

belly flop

Lan
    $300 3
1984

Tad
    $300 16
(Lan: What is lettuce?)

cabbage

TadLan
    $700 12
Trojan Horse

Lan
    $300 24
Roger Miller

Tad
    $300 8
(Kevin: Who is Hughes?)

Barry Levinson

TadKevin
    $300 25
belladonna/"Bella Donna"

Kevin
    $400 4
Gulliver's Travels

Triple Stumper
    $400 18
plums

Triple Stumper
    $400 13
(Lan: Who is Leonardo da Vinci?)

Michelangelo

TadLan
    $400 29
Joni Mitchell

Kevin
    $400 9
Johns Hopkins

Lan
    $400 26
"Bell Bottom Blues"

Kevin
    $500 5
To Kill a Mockingbird

Tad
    $500 19
(Kevin: What are carrots?)

radishes

Kevin
Triple Stumper
    $500 20
(Tad: What is "I Love You?")

Love Bug Virus

Tad
    $500 30
(Tad: Who is Billie Holiday?)

Sarah Vaughan

Tad
Triple Stumper
    $500 28
(Lan: What is Belmont?)

Pimlico

TadLan
    $500 27
For Whom the Bell Tolls

Tad

Scores at the first commercial break (after clue 14):

Tad Lan Kevin
$2,000 $1,000 -$100

Scores at the end of the Jeopardy! Round:

Tad Lan Kevin
$3,500 $600 $900

Double Jeopardy! Round responses

PHYSICISTS
SPEECH
THE SUPREME COURT
BALLET
DUTCH ROYALTY
COMPOUND WORDS
    $200 1
balloon

Lan
    $200 27
palate

Tad
    $200 3
Anita Hill

Tad
    $200 9
The Nutcracker

Lan
    $200 12
the Nazis

Lan
    $200 28
doornail

Tad
    $400 2
Albert Einstein

Tad
    $400 29
stuttering

Kevin
    $400 4
Earl Warren

Tad
    $400 17
(Tad: What is "Swan Lake"?)
(Kevin: What is "The Firebird"?)

Sleeping Beauty

TadKevin
Triple Stumper
    $400 13
San Francisco

Lan
    $400 30
monger

Kevin
    $600 8
Big Bang Theory

Tad
    $600 21
glottal stop

Kevin
    $600 5
John Paul Stevens

Tad
    $600 18
Swan Lake

Lan
    $600 15
(Lan: Who is Wilhelmina?)

Beatrix

LanKevin
    $600 26
breakfast

Tad
    $800 10
(Kevin: What is a quark?)

neutrino

Kevin
Triple Stumper
    $800 25
(Kevin: What is the period?)

a question

LanKevin
    $800 6
John Jay

Tad
    $100 20
(Tad: What is "The Firebird?")

Rodeo

Tad
    $800 14
(Tad: Who is Beatrix?)

Queen Juliana

TadKevin
    $800 23
(Lan: What is post scriptum?)

postscript

Lan
    $1000 11
James Clerk Maxwell

Kevin
    $2,000 24
(Lan: Don't know.)
(Alex: We have less than a minute to go.)

labial

Lan
    $1000 7
(Lan: Who is John Marshall?)

Oliver Wendell Holmes

LanKevin
    $1000 22
(Alex: Now is the time for that one!)

The Firebird

Lan
    $1000 16
Emma

Kevin
    $1000 19
schoolyard

Tad

Scores at the end of the Double Jeopardy! Round:

Tad Lan Kevin
$7,200 $1,200 $4,700

Final Jeopardy! Round responses

'90s MOVIES
[The four wild card semifinalists are Babu Srinivasan, Rick Knutsen, Larry Cloud, and Lan Djang.]
LanWhat is Saving Private Ryan?
$1,200
KevinWhat is Backdraft?
$4,700
TadWhat is ?
$2,300
Saving Private Ryan

Final scores:

Tad Lan Kevin
$4,900 $2,400 $0
Automatic semifinalist 2nd place: $2,500 if eliminated 3rd place: $2,500 if eliminated

Game dynamics:

Coryat scores:

Tad Lan Kevin
$7,300 $2,800 $4,700
22 R,
5 W
(including 1 DD)
14 R
(including 1 DD),
6 W
(including 1 DD)
16 R,
5 W

Combined Coryat: $14,800

[game clues] [game scores] [suggest correction]

Game tape date: 2001-09-24
The J! Archive is created by fans, for fans. Scraping, republication, monetization, and malicious use prohibited; this site may use cookies and collect identifying information. See terms. The Jeopardy! game show and all elements thereof, including but not limited to copyright and trademark thereto, are the property of Jeopardy Productions, Inc. and are protected under law. This website is not affiliated with, sponsored by, or operated by Jeopardy Productions, Inc. Join the discussion at JBoard.tv.